Formationen einer Kunstwissenschaft : Text- und Archivstudien zu Hans Sedlmayr

Gespeichert in:
Bibliographische Detailangaben
VerfasserIn: Morgenthaler, Simon (VerfasserIn)
Dokumenttyp: Hochschulschrift Buch
Sprache:German
Veröffentlicht: Berlin ; Boston : De Gruyter , [2020]
Schriftenreihe:Textologie Band 8
Schlagwörter:
Online Zugang:Inhaltsverzeichnis
Bibliogr. Hinweis:Erscheint auch als: Formationen einer Kunstwissenschaft
Rezensiert in: [Rezension von: Simon Morgenthaler, Formationen einer Kunstwissenschaft. Text- und Archivstudien zu Hans Sedlmayr]
Verantwortlich:Simon Morgenthaler
LEADER 04170cam a2200829 c 4500
001 167082652X
003 DE-627
005 20260418132034.0
007 tu
008 190807s2020 gw ||||| m 00| ||ger c
015 |a 19,N32  |2 dnb 
015 |a 19,N32  |2 dnb 
016 7 |a 119213219X  |2 DE-101 
020 |a 9783110608045  |q  : EUR 119.95 (DE), EUR 119.95 (AT)  |9 978-3-11-060804-5 
020 |a 3110608049  |9 3-11-060804-9 
024 3 |a 9783110608045 
035 |a (DE-627)167082652X 
035 |a (DE-603)461573083 
035 |a (DE-599)DNB119213219X 
035 |a (OCoLC)1220902341 
035 |a (OCoLC)1111697510 
040 |a DE-627  |b ger  |c DE-627  |e rda 
041 |a ger 
044 |c XA-DE-BE 
072 7 |a PHI016000  |2 bisacsh 
082 0 |a 701.18092  |q DE-101 
082 0 4 |a 700  |q DE-101 
084 |a KUNST  |q DE-16  |2 fid 
084 |a LH 63560  |q DE-24/20sred  |2 rvk  |0 (DE-625)rvk/94388: 
084 |a 20.99  |2 bkl 
100 1 |a Morgenthaler, Simon  |d 1981-  |e VerfasserIn  |0 (DE-588)1160448604  |0 (DE-627)1023617544  |0 (DE-576)505893614  |4 aut 
245 1 0 |a Formationen einer Kunstwissenschaft  |b Text- und Archivstudien zu Hans Sedlmayr  |c Simon Morgenthaler 
264 1 |a Berlin  |a Boston  |b De Gruyter  |c [2020] 
264 4 |c © 2020 
300 |a X, 438 Seiten  |b Illustrationen  |c 23 cm x 15.5 cm 
336 |a Text  |b txt  |2 rdacontent 
337 |a ohne Hilfsmittel zu benutzen  |b n  |2 rdamedia 
338 |a Band  |b nc  |2 rdacarrier 
490 1 |a Textologie  |v Band 8 
502 |b Dissertation  |c Universität Basel  |d 2018 
583 1 |a Archivierung/Langzeitarchivierung gewährleistet  |f FID  |x XA-DE-BW  |2 pdager  |5 DE-16 
600 1 7 |0 (DE-588)118612557  |0 (DE-627)145334864  |0 (DE-576)163023840  |a Sedlmayr, Hans  |d 1896-1984  |2 gnd 
650 0 7 |0 (DE-588)4120632-0  |0 (DE-627)105775118  |0 (DE-576)209536748  |a Kunstwissenschaft  |2 gnd 
650 0 7 |0 (DE-588)4185105-5  |0 (DE-627)105289884  |0 (DE-576)210030208  |a Theoriebildung  |2 gnd 
655 7 |a Hochschulschrift  |0 (DE-588)4113937-9  |0 (DE-627)105825778  |0 (DE-576)209480580  |2 gnd-content 
689 0 0 |d p  |0 (DE-588)118612557  |0 (DE-627)145334864  |0 (DE-576)163023840  |a Sedlmayr, Hans  |d 1896-1984  |2 gnd 
689 0 1 |d s  |0 (DE-588)4120632-0  |0 (DE-627)105775118  |0 (DE-576)209536748  |a Kunstwissenschaft  |2 gnd 
689 0 2 |d s  |0 (DE-588)4185105-5  |0 (DE-627)105289884  |0 (DE-576)210030208  |a Theoriebildung  |2 gnd 
689 0 |5 DE-101 
689 1 0 |d p  |0 (DE-588)118612557  |0 (DE-627)145334864  |0 (DE-576)163023840  |a Sedlmayr, Hans  |d 1896-1984  |2 gnd 
689 1 1 |d s  |0 (DE-588)4120632-0  |0 (DE-627)105775118  |0 (DE-576)209536748  |a Kunstwissenschaft  |2 gnd 
689 1 |5 (DE-627) 
751 |a Basel  |0 (DE-588)4004617-5  |0 (DE-627)10638497X  |0 (DE-576)208856919  |4 uvp 
776 1 |z 9783110615524  |c PDF 
776 1 |z 9783110608397  |c EPUB 
776 0 8 |i Erscheint auch als  |n Online-Ausgabe  |z 9783110615524 
776 0 8 |i Erscheint auch als  |n Online-Ausgabe  |z 9783110608397 
776 0 8 |i Erscheint auch als  |n Online-Ausgabe  |a Morgenthaler, Simon, 1981 -   |t Formationen einer Kunstwissenschaft  |d Berlin : De Gruyter, 2020  |h 1 Online-Ressource (X, 438 pages)  |w (DE-627)1735775398  |z 9783110615524 
787 0 8 |i Rezensiert in  |a Walter, Morgane  |t [Rezension von: Simon Morgenthaler, Formationen einer Kunstwissenschaft. Text- und Archivstudien zu Hans Sedlmayr]  |d 2023  |w (DE-627)1882458117 
830 0 |a Textologie  |v Band 8  |9 8  |w (DE-627)898511941  |w (DE-576)493825509  |w (DE-600)2906625-6  |x 2567-7039  |7 am 
856 4 2 |u https://d-nb.info/119213219X/04  |m B:DE-101  |q application/pdf  |v 2020-12-09  |x Verlag  |3 Inhaltsverzeichnis  |7 1 
936 r v |a LH 63560  |b Sedlmayr, Hans  |k Kunstgeschichte  |k Allgemeines. Allgemeine Kunstgeschichte  |k Geschichte der Kunstwissenschaft  |k Schriften über Kunsthistoriker  |k Einzeldarstellungen (Autobiografien,Biografien, Festansprachen, Leichenreden, Nachrufe u. dergl.)  |k Namen S  |k Sedlmayr, Hans  |0 (DE-627)1271293137  |0 (DE-625)rvk/94388:  |0 (DE-576)201293137 
936 b k |a 20.99  |j Kunstwissenschaften: Sonstiges  |0 (DE-627)106406647 
936 s n |a l300  |2 mzub 
951 |a BO 
990 |a Sedlmayr, Hans 
990 |a Kunstwissenschaft 
990 |a Theoriebildung 
990 |a Sedlmayr, Hans 
990 |a Kunstwissenschaft 
991 |a Rezensiertes Werk 
999 |a KXP-PPN167082652X  |e 496744654X